000 02036cam a22004814i 4500
003 PE-LiUPU
005 20250731173006.0
008 150623s r 000 0 d
020 _a0802844537
035 _a(Sirsi) i9780802844538
040 _aPE-LiUPU
_bspa
_cPE-LiUPU
_erda
049 _aPRUA
082 0 4 _a220.6
_bH71
_221
100 1 _aHolmgren, Fredrick Carlson,
_eautor.
245 1 4 _aThe old testament and the significance of Jesus :
_bembracing change - maintaining christian identity: the emerging center in biblical scholarship /
_cFrederick Carlson Holmgren.
264 1 _aGrand Rapids, Michigan :
_bWilliam B. Eerdmans Publishing Co.,
_c1999.
300 _a204 páginas ;
_c23 centímetros
336 _atext
_2rdacontent
337 _aunmediated
_2rdamedia
338 _avolume
_2rdacarrier
504 _aIncluye bibliografía al pié de páginas.
505 0 _aThe Prophetic Denunciations of Israel.- Finding Jesus in the Depth of the Old Testament.- "And It Was fulfilled".- Jesus and the Sinai Covenant.- Israel and the :New Covenant".- Jesus and the "New Covenant" in Jeremiah.- The New Testament Proclamation of Jesus.- The Old Testament and the "New" in Jesus.- Jesus: Human and Divine.- Final Reflection.
526 _aSEG42
526 _aSEG41
526 _aSEG40
526 _aSEG39
526 _aP94
526 _aP87
526 _aP86
526 _aP85
526 _aP77
526 _aP76
526 _aP35
630 _aBiblia.
_pA.T.
_xRelación con el N.T.
630 _aBiblia.
_pN.T.
_xRelación con el A.T.
630 _aCristianismo y otras religiones.
942 _2ddc
_cBOOK
949 _a220.6 H71
_wDEWEY
_c1
_i45700
_lCCODEBUL1
_mBUL
_r0
_sY
_tBOOK
_u2015-6-24
_xTEOLOGIA
_PP35
_0COMPRA
_o.STAFF. Colección General
994 _aC0
_bPEPRU
596 _a1
999 _a220.6 H71
_wDEWEY
_c22578
_i45700
_d22578
_f2021-11-9
_g5
_lCCODEBUL1
_mBUL
_q1
_r0
_sY
_tBOOK
_u2015-6-24
_xTEOLOGIA
_PP35
_0COMPRA
_o.STAFF. Colección General
980 _81
_gALBERTO SANCHEZ Responsable de Automatización